| 000 | 00339nam a2200121Ia 4500 | ||
|---|---|---|---|
| 003 | GCL | ||
| 008 | 140319s9999 xx 000 0 eng d | ||
| 040 |
_aGCL / _cGCL |
||
| 082 | 0 | 4 |
_a789.47 _bC P |
| 100 | 1 | _aCAPABBRHOB, H | |
| 245 | 1 | 0 |
_aPYCCKAG\ HCNBOTTNCB XIX BEKA / _cCAPABBRHOB, H |
| 260 |
_a[S.N] : _bIOCYA APCTBHHOE N3 AATEABCTLO ، _c1959 |
||
| 999 |
_c19450 _d19450 |
||